| 000 | 02238nam0a2200421 4500 | ||
|---|---|---|---|
| 001 | RU\NLR\BIBL_A\016363636 | ||
| 005 | 20230712171715.0 | ||
| 010 |
_a978-5-04-174778-7 _92000 |
||
| 021 |
_aRU _bКН-П-23-023095 _9КН-П-23-2301 |
||
| 035 | _a(NLR Aleph) 016363636 | ||
| 035 | _a(RuMoRGB)011720328 | ||
| 090 |
_a13159881 _c13159881 |
||
| 100 | _a20230510d2023 u y0rusy50 ca | ||
| 101 | 1 |
_arus _ceng |
|
| 102 | _aRU | ||
| 105 | _ay|||z|||000zy | ||
| 181 | 0 |
_ai _baxxe |
|
| 182 | 0 | _an | |
| 200 | 1 |
_aЭффект фрейминга _eкак управлять вниманием потребителя в цифровую эпоху? _fКеннет Кьюкер, Виктор Майер-Шенбергер, Фрэнсис де Верикур _gперевод с английского К. А. Вантуха |
|
| 203 |
_aТекст _bвизуальный _cнепосредственный |
||
| 210 |
_aМосква _cБомбора _cЭксмо _d2023 |
||
| 215 |
_a286, [1] с. _d22 |
||
| 225 | 1 | _aИскусство делать бизнес. Как привлекать клиентов в цифровую эпоху | |
| 300 | _aЗагл. и авт. ориг.: Framers / Kenneth Cukier, Viktor Mayer-Schönberger, Francis de Véricourt | ||
| 320 | _aБиблиогр. в примеч: с. 239-283 | ||
| 333 | _a12+ | ||
| 454 | 0 |
_12001#$aFramers$fKenneth Cukier, Viktor Mayer-Schönberger, Francis de Véricourt _1210## _1700#1$aCukier$bK.$f1968-$gKenneth _1701#1$aMayer-Schönberger$bV.$f1966-$gViktor$3RU\NLR\AUTH\770130023 _1701#1$3RU\NLR\AUTH\770257679$aVéricourt$bF. de$gFrancis de _tFramers _aCukier, Kenneth (1968-) |
|
| 606 | 1 |
_aОбщественное сознание _xМанипулирование психологическое _91552319 _3RU\NLR\AUTH\66678050 |
|
| 686 | 1 | _aС581 | |
| 686 | 1 | _aС550.58 | |
| 700 | 1 |
_aКьюкер _bК. _f1968- _gКеннет |
|
| 701 | 1 |
_7ca _8rus _aМайер-Шенбергер _bВ. _f1966- _gВиктор _9129990 _3RU\NLR\AUTH\770130021 |
|
| 701 | 1 |
_7ca _8rus _aВерикур _bФ. де _gФрэнсис де _9257620 _3RU\NLR\AUTH\770257676 |
|
| 942 | _cBOOK | ||
| 980 | _aNB | ||